| 000 | 00801nam a2200181 a 4500 | ||
|---|---|---|---|
| 008 | 220225s2017 ||||||||||||||||| || u | ||
| 050 | _aCBU-PG THESIS/BUN | ||
| 100 | _aBunda, Kasanda | ||
| 245 | 1 | 4 |
_aThe Ecology of the Woody and Succulent Plants of Kapiri Hills in Kapiri Mposhi District _c By Kasanda Bunda |
| 260 |
_aKitwe _bCopperbelt University school of graduate studies _c2017 |
||
| 300 | _aix,52 Pages : illustrations | ||
| 650 | _aSUCCULENT AND XEROPHYTIC FLORA OF KAPIRI HIILS | ||
| 650 | _aECOLOGY | ||
| 650 | _aGEOLOGY AND SOILS | ||
| 650 | _aECOLOGY - KAPIRI MPOSHI DISTRICT | ||
| 650 | _aWOOD AND SUCCULENT PLANTS - KAPIRI MPOSHI DISTRICT | ||
| 995 |
_FCBU-MAIN LIBRARY (Kitwe) _M1 _UAVAILABLE _WOct 17, 2022 _ZUniversity Collection |
||
| 999 |
_c40716 _d40716 |
||